Normal view MARC view
  • Slurry pipelines

Entry Topical Term

Number of records used in: 4

001 - CONTROL NUMBER

  • control field: 3497

003 - CONTROL NUMBER IDENTIFIER

  • control field: NUST

005 - DATE AND TIME OF LATEST TRANSACTION

  • control field: 20170720121640.0

008 - FIXED-LENGTH DATA ELEMENTS

  • fixed length control field: 170720|| aca||aabn | a|a d

040 ## - CATALOGING SOURCE

  • Original cataloging agency: NUST
  • Transcribing agency: NUST

150 ## - HEADING--TOPICAL TERM

  • Topical term or geographic name entry element: Slurry pipelines
  • Form subdivision: Handbooks, manuals, etc.

670 ## - SOURCE DATA FOUND

  • Source citation: Work cat.: (NUST)0: Abulnaga, Baha E. 3495, Slurry systems handbook /, c2002.
© 2023 Central Library, National University of Sciences and Technology. All Rights Reserved.